• 首页
  • 本馆介绍
  • 公告通知
  • 最新文献
  • 馆藏检索
  • 电子资源
  • 读者导购
  • 参考咨询
  • 我的图书馆
  • 登录
  • 详细信息显示
  • 放入我的书架
  • 预约/预借图书
  • 作者相关作品
  • 分类相关作品
  • 丛书相关作品
  • 出版社相关作品

书目信息

  • 表格格式
  • 工作单格式
  • 卡片格式
题名:
国学经典
    
 
作者: 谢佩嫒 , 李永田 主编 ;李佳行 编著
分册:   曲
出版信息: 北京   北京出版社  2004
页数: 238页
开本: 20cm
丛书名:
单 册:
中图分类: I206.2 , I207.24
科图分类:
主题词: 古典文学--文学研究--中国 , 散曲--文学研究--中国--古代 , 古典文学 , 文学研究 , 散曲
电子资源:
ISBN: 7-200-05351-1
000 00963nam0 2200313 450
001 1538035024
005 20150121103417.26
010    @a7-200-05351-1@dCNY30.00
100    @a20040623d2004 em y0chiy50 ea
101 0  @achi
102    @aCN@b110000
105    @aa z 000yy
200 1  @a国学经典@9guo xue jing dian@i曲@f谢佩嫒,李永田主编@g李佳行编著
210    @a北京@c北京出版社@d2004
215    @a238页@c图@d20cm
304    @a封面主编题:谢佩媛
330    @a本书介绍了戏曲发展的历史、重要戏曲作家及其作品、散曲发展历史、重要散曲作家及其作品、戏曲知识等。
606 0  @a古典文学@x文学研究@y中国
606 0  @a散曲@x文学研究@y中国@z古代
606 0  @a古典文学
606 0  @a文学研究
606 0  @a散曲
690    @aI206.2@v5
690    @aI207.24@v5
701  0 @a谢佩嫒@9xie pei ai@4主编
701  0 @a李永田@9li yong tian@c(古典文学)@4主编
702  0 @a李佳行@9li jia xing@4编著
801  0 @aCN@bTSSF@c20150121
905    @aZUCC@dI206.2@eJY4
    
    国学经典.曲/谢佩嫒,李永田主编/李佳行编著.-北京:北京出版社,2004
    238页:图;20cm
    
    
    ISBN 7-200-05351-1:CNY30.00
    本书介绍了戏曲发展的历史、重要戏曲作家及其作品、散曲发展历史、重要散曲作家及其作品、戏曲知识等。
●
相关链接 在E读中查询图书 在五车中查询图书 在当当中查询图书 在豆瓣中查询图书


正题名:国学经典     索取号:I206.2/JY4         预约/预借

序号 登录号 条形码 馆藏地/架位号 状态 备注
1 7856606   278566062   学院路分馆/ [索取号:I206.2/JY4] 在馆    
唐山师范学院图书馆 欢迎您!
大连网信软件有限公司© 版权所有